Biochemistry and Molecular Biology of Plants (Record no. 13815)

MARC details
000 -LEADER
fixed length control field 00363nam a22001577a 4500
003 - CONTROL NUMBER IDENTIFIER
control field SGT
020 ## - INTERNATIONAL STANDARD BOOK NUMBER
International Standard Book Number 978-0-470-71421-8
082 ## - DEWEY DECIMAL CLASSIFICATION NUMBER
Item number BUC
100 ## - MAIN ENTRY--PERSONAL NAME
Personal name Bob B. Buchanan
245 ## - TITLE STATEMENT
Title Biochemistry and Molecular Biology of Plants
250 ## - EDITION STATEMENT
Edition statement 2ND
260 ## - PUBLICATION, DISTRIBUTION, ETC. (IMPRINT)
Place of publication, distribution, etc NEW DELHI
Name of publisher, distributor, etc Wiley-Blackwell
Year of Publication 2015
300 ## - PAGE DESCRIPTION
No. of Pages 1264
650 ## - SUBJECT ADDED ENTRY--TOPICAL TERM
Topical term or geographic name as entry element AGRICULTURE
942 ## - ADDED ENTRY ELEMENTS (KOHA)
Source of classification or shelving scheme Dewey Decimal Classification
Koha item type Books
Holdings
Withdrawn status Lost status Source of classification or shelving scheme Damaged status Not for loan Home library Current library Shelving location Date acquired Vendor Name Cost, normal purchase price SGTU Bill Number Total Checkouts Full call number Accession No. (Barcode) Date last seen Date last borrowed Bill Date Koha item type
    Dewey Decimal Classification   Not For Loan SGT Science & Social Sciences Library SGT Science & Social Sciences Library Reference Book 11/11/2017 AHUJA PUBLISHER 5100.00 SGTU 8931 1 BUC AG720 14/11/2017 14/11/2017 28/10/2017 Books
    Dewey Decimal Classification   Not For Loan SGT Science & Social Sciences Library SGT Science & Social Sciences Library Reference Book 11/11/2017 AHUJA PUBLISHER 5100.00 SGTU 8931   BUC AG721 11/11/2017   28/10/2017 Books
    Dewey Decimal Classification   Not For Loan SGT Science & Social Sciences Library SGT Science & Social Sciences Library Reference Book 11/11/2017 AHUJA PUBLISHER 5100.00 SGTU 8931   BUC AG722 11/11/2017   28/10/2017 Books